Global insurance : (Record no. 199646)

MARC details
000 -LEADER
fixed length control field 00803nam a2200253Ia 4500
003 - CONTROL NUMBER IDENTIFIER
control field OSt
005 - DATE AND TIME OF LATEST TRANSACTION
control field 20230825112505.0
008 - FIXED-LENGTH DATA ELEMENTS--GENERAL INFORMATION
fixed length control field 210716s2005 xx 000 0 und d
020 ## - INTERNATIONAL STANDARD BOOK NUMBER
International Standard Book Number 8178815214
040 ## - CATALOGING SOURCE
Transcribing agency AIMIT LIBRARY
041 ## - LANGUAGE CODE
Language code of text/sound track or separate title eng
082 ## - DEWEY DECIMAL CLASSIFICATION NUMBER
Classification number 368
Edition number 1
Item number KARB
100 ## - MAIN ENTRY--PERSONAL NAME
Personal name Karuna, B.
9 (RLIN) 130956
245 ## - TITLE STATEMENT
Title Global insurance :
Remainder of title trends and issues /
Statement of responsibility, etc. Edited by Karuna B.
250 ## - EDITION STATEMENT
Edition statement 1 st ed.
260 ## - PUBLICATION, DISTRIBUTION, ETC.
Place of publication, distribution, etc. New Delhi :
Name of publisher, distributor, etc. ICFAI University Press ,
Date of publication, distribution, etc. 2005.
300 ## - PHYSICAL DESCRIPTION
Extent ix,265,6p. ;
Other physical details PB
Dimensions 22.5 cm
650 ## - SUBJECT ADDED ENTRY--TOPICAL TERM
Topical term or geographic name entry element Insurance(368)
9 (RLIN) 130957
651 ## - SUBJECT ADDED ENTRY--GEOGRAPHIC NAME
Geographic name Global insurance industry outlook
9 (RLIN) 130958
651 ## - SUBJECT ADDED ENTRY--GEOGRAPHIC NAME
Geographic name Why do insurance companies fail
9 (RLIN) 130959
651 ## - SUBJECT ADDED ENTRY--GEOGRAPHIC NAME
Geographic name Guidance paper on investment risk management
9 (RLIN) 130960
700 ## - ADDED ENTRY--PERSONAL NAME
Personal name Karuna B., ed.
9 (RLIN) 130976
942 ## - ADDED ENTRY ELEMENTS (KOHA)
Source of classification or shelving scheme Dewey Decimal Classification
Koha item type Book
Edition 1st
Call number prefix 368 KARB
Holdings
Withdrawn status Lost status Source of classification or shelving scheme Damaged status Not for loan Collection code Home library Current library Date acquired Cost, normal purchase price Inventory number Total Checkouts Full call number Barcode Date last seen Cost, replacement price Price effective from Koha item type
    Dewey Decimal Classification     MBA St Aloysius Institute of Management & Information Technology St Aloysius Institute of Management & Information Technology 11/15/2005 350.00 Bill no:IP/MG-I/002/10/5; Bill d   368 KARB MBA02211 05/23/2026 262.50 07/16/2021 Book